Forever With Me- Conan Gray (Lyrics) - Statistics

General Stats
  • This quiz has been taken 15 times
  • The average score is 181 of 197
Answer Stats
Section Lyrics % Correct
a
100%
after
100%
all
100%
And
100%
be
100%
But
100%
could
100%
forever
100%
get
100%
I
100%
I'm
100%
in
100%
it
100%
love
100%
me
100%
my
100%
should
100%
still
100%
Still
100%
that
100%
think
100%
this
100%
to
100%
we
100%
who
100%
with
100%
you
100%
Verse 2 You
100%
your
100%
you're
100%
Outro | Post-Chorus You're
100%
ain't
89%
are
89%
argue
89%
at
89%
change
89%
did
89%
gonna
89%
guess
89%
it'll
89%
least
89%
lifetime
89%
memories
89%
now
89%
of
89%
probably
89%
sorry
89%
survived
89%
take
89%
the
89%
thing
89%
time
89%
Verse 1 Well
89%
wonder
89%
wouldn't
89%
wrong
89%
Also
78%
am
78%
as
78%
better
78%
bittersweet
78%
bloodshed
78%
cry
78%
even
78%
learned
78%
reason
78%
sing
78%
smiling
78%
somehow
78%
Though
78%
why
78%
blame?
67%
heart
67%
Bridge Lonely
67%
(Lonely
67%
nights
67%
nights)
67%
broke
56%
same
56%
Anger
44%
does
44%
pain
44%
replace
44%
No matching quizzes found
Score Distribution
Percent of People with Each Score
Percentile by Number Answered
Your Score History
You have not taken this quiz